000 00537nam a22001937a 4500
003 KOHA_MİRAKIL
005 20251125110927.0
008 251125b tu ||||| |||| 00| 0 tur d
020 _a9786051857855
040 _aTR-AnABB
_btur
_cTR-AnABB
041 _atur
082 _a813.42
_bATA 2022
100 1 _aAtaşçı, Abdullah,
245 1 0 _aHeder ağacı /
_cAbdullah Ataşçı
260 _aİstanbul :
_bEverest Yayınları,
_c2022
300 _a369 sayfa ;
_c20 cm
650 0 4 _aTürk edebiyatı, roman
942 _2ddc
_cBK
999 _c9619
_d9619
900 _bGizem YORULMAZ